00791nam a22002297a 4500003000900000008004100009040007100050082001700121110003900138245003100177260005600208300005400264505009000318650001700408650001000425650002200435650000900457650001500466700003000481700002900511700002100540AR-CdUCM190308b ||||| |||| 00| 0 spa d aMUNICIPALIDAD PROVINCIAL DEL CUSCOcBIBLIOTECA MUNICIPAL DEL CUSCO a778.6 /bC97 aMunicipalidad Provincial del Cusco aCusco, matices y colores / aCusco :bMunicipalidad Provincial del Cusco,c2014. a356 páginas ;bIlustraciones en color,c25 cm. aRaymy: Fiestas y actividades -- Runa: Creadores andinos -- Soqoy: Expresión popular aFotografía aCusco aFiestas del Cusco aArte aCostumbres aPallardel Moscoso, Danilo aApaza Callañaupa, Roel aVivanco, Gustavo